[Event "VIE-ch U17"]
[Site "Hanoi"]
[Date "2022.06.14"]
[Round "5"]
[White "Tran, Van Hoang Lam"]
[Black "Pham, Quang Dung"]
[Result "0-1"]
[WhiteElo "2291"]
[BlackElo "2299"]
[PlyCount "66"]
[EventDate "2022.06.11"]
[EventType "swiss"]
[EventRounds "7"]
[EventCountry "VIE"]
[SourceTitle "EXT 2023"]
[Source "ChessBase"]
[SourceDate "2022.10.05"]
[SourceVersion "1"]
[SourceVersionDate "2022.10.05"]
[SourceQuality "1"]

1. e4 d6 2. d4 Nf6 3. Nc3 Nbd7 4. Nf3 e5 5. Bc4 h6 6. 0-0 Be7 7. h3 c6 8. a4 Qc7 9. Be3 g5 10. Nh2 Nf8 11. Be2 Ng6 12. Bg4 Nf4 13. Bxc8 Qxc8 14. Ng4 h5 15. Nxf6+ Bxf6 16. d5 c5 17. Bxf4 exf4 18. Re1 Be5 19. Nb5 g4 20. h4 Qd8 21. Kf1 a6 22. Na3 Qxh4 23. Ke2 Bd4 24. Rf1 f3+ 25. gxf3 gxf3+ 26. Kd3 Bxb2 27. Nc4 Qf6 28. Ke3 Bd4+ 29. Kd2 Bxa1 30. Kd3 Be5 31. c3 h4 32. Ke3 Qf4+ 33. Kd3 0-0-0 0-1

[Event "VIE-chT"]
[Site "Bac Giang"]
[Date "2020.06.08"]
[Round "4.20"]
[White "Le, Quang Vinh"]
[Black "Pham, Quang Dung"]
[Result "1-0"]
[WhiteElo "1833"]
[BlackElo "1544"]
[PlyCount "75"]
[EventDate "2020.06.06"]
[EventType "swiss"]
[EventRounds "9"]
[EventCountry "VIE"]
[SourceTitle "CBM 197 Extra"]
[Source "ChessBase"]
[SourceDate "2020.09.30"]
[SourceVersion "1"]
[SourceVersionDate "2020.09.30"]
[SourceQuality "1"]

1. e4 c5 2. Nc3 Nc6 3. g3 g6 4. Bg2 Bg7 5. d3 d6 6. f4 a6 7. h3 e6 8. Nf3 Nge7 9. 0-0 0-0 10. Be3 f5 11. Re1 b6 12. Ne2 Bb7 13. c3 d5 14. e5 Qc7 15. d4 c4 16. g4 h6 17. Ng3 Kf7 18. Nh4 Nd8 19. Bf3 Ke8 20. Ng2 Kd7 21. Kh2 Bc6 22. Qd2 Rg8 23. Kh1 Nf7 24. gxf5 Nxf5 25. Nxf5 gxf5 26. Bh5 Raf8 27. Nh4 Nh8 28. Rg1 Kc8 29. Rg2 Be8 30. Qe2 Qe7 31. Bf2 Bxh5 32. Qxh5 Rf7 33. Rag1 Re8 34. Rxg7 Rxg7 35. Rxg7 Qf8 36. Rh7 Re7 37. Qxh6 Qxh6 38. Rxh6 1-0

[Event "VIE-chT"]
[Site "Bac Giang"]
[Date "2020.06.06"]
[Round "1.13"]
[White "Pham, Quang Dung"]
[Black "Pham, Xuan Dat"]
[Result "0-1"]
[WhiteElo "1544"]
[BlackElo "2227"]
[PlyCount "110"]
[EventDate "2020.06.06"]
[EventType "swiss"]
[EventRounds "9"]
[EventCountry "VIE"]
[SourceTitle "CBM 197 Extra"]
[Source "ChessBase"]
[SourceDate "2020.09.30"]
[SourceVersion "1"]
[SourceVersionDate "2020.09.30"]
[SourceQuality "1"]

1. d4 Nf6 2. c4 g6 3. Nc3 d5 4. Bg5 Ne4 5. Bh4 Nxc3 6. bxc3 dxc4 7. e3 Be6 8. Rb1 b6 9. Nf3 Bg7 10. Ng5 Bd5 11. e4 h6 12. exd5 hxg5 13. Qa4+ Kf8 14. Bxg5 Qxd5 15. Be3 Nc6 16. Qxc4 Qd6 17. h3 e5 18. Rd1 Rd8 19. d5 Ne7 20. Qb3 Bh6 21. c4 Bxe3 22. Qxe3 Nf5 23. Qc3 Rh4 24. Bd3 Nd4 25. 0-0 Qf6 26. Rfe1 Kg7 27. Re3 c6 28. Be4 c5 29. Rde1 Qd6 30. g4 Re8 31. Bg2 g5 32. a4 Rh6 33. Qd3 Rf6 34. Re4 Rf4 35. h4 Qf6 36. hxg5 Qxg5 37. Rxf4 Qxf4 38. Qe4 Qd2 39. Qe3 Qxe3 40. Rxe3 f6 41. Be4 Rh8 42. Kg2 Kf7 43. a5 b5 44. cxb5 Nxb5 45. Rb3 Nd6 46. Bf5 c4 47. Be6+ Kg6 48. Rb2 Kg5 49. a6 Kf4 50. Rb7 Nxb7 51. axb7 c3 52. Bc8 c2 53. b8Q c1Q 54. Qb4+ Kg5 55. f4+ exf4 0-1

[Event "VIE-chT"]
[Site "Bac Giang"]
[Date "2020.06.06"]
[Round "2.16"]
[White "Tran, Manh Tien"]
[Black "Pham, Quang Dung"]
[Result "1-0"]
[WhiteElo "2275"]
[BlackElo "1544"]
[PlyCount "61"]
[EventDate "2020.06.06"]
[EventType "swiss"]
[EventRounds "9"]
[EventCountry "VIE"]
[SourceTitle "CBM 197 Extra"]
[Source "ChessBase"]
[SourceDate "2020.09.30"]
[SourceVersion "1"]
[SourceVersionDate "2020.09.30"]
[SourceQuality "1"]

1. d4 Nf6 2. Nf3 g6 3. c4 d6 4. Nc3 Bg7 5. e4 0-0 6. Be2 Nc6 7. 0-0 e5 8. d5 Ne7 9. b4 a5 10. Ba3 axb4 11. Bxb4 b6 12. a4 Ne8 13. Nd2 f5 14. Bf3 f4 15. Nb3 Rf7 16. Nb5 Bf8 17. a5 bxa5 18. Bxa5 Bd7 19. Qd3 Bxb5 20. cxb5 Nf6 21. Bxc7 Qxc7 22. Rxa8 g5 23. Qe2 Rg7 24. h3 Qc3 25. Na5 Qb4 26. Nc6 Nxc6 27. bxc6 h5 28. Bxh5 Nxe4 29. Qg4 Nf6 30. Qe6+ Kh7 31. Qxf6 1-0

[Event "VIE-chB"]
[Site "Ba Dinh"]
[Date "2018.12.02"]
[Round "7"]
[White "Nguyen, Van Toan Thanh"]
[Black "Pham, Quang Dung"]
[Result "1-0"]
[WhiteElo "2015"]
[BlackElo "1544"]
[PlyCount "50"]
[EventDate "2018.11.28"]
[EventType "swiss"]
[EventRounds "9"]
[EventCountry "VIE"]
[SourceTitle "EXT 2021"]
[Source "ChessBase"]
[SourceDate "2020.10.23"]
[SourceVersion "1"]
[SourceVersionDate "2020.10.23"]
[SourceQuality "1"]

1. e4 e6 2. d4 d5 3. Nd2 c5 4. Ngf3 Nc6 5. exd5 exd5 6. Bb5 Bd6 7. 0-0 Nge7 8. dxc5 Bxc5 9. Nb3 Bd6 10. c3 0-0 11. Nbd4 Bg4 12. Be2 a6 13. Bg5 Qc7 14. h3 Bd7 15. Bd3 f6 16. Bc1 Ne5 17. Bc2 Qc8 18. Nh2 Rd8 19. Re1 N5g6 20. Nf1 Nf8 21. Ne3 Kh8 22. Qf3 Be6 23. Nxe6 Nxe6 24. Nxd5 Ng8 25. Qh5 Nf8 1-0

[Event "VIE-chB"]
[Site "Ba Dinh"]
[Date "2018.11.30"]
[Round "5"]
[White "Nguyen, Quang Trung"]
[Black "Pham, Quang Dung"]
[Result "1-0"]
[WhiteElo "1803"]
[BlackElo "1544"]
[PlyCount "77"]
[EventDate "2018.11.28"]
[EventType "swiss"]
[EventRounds "9"]
[EventCountry "VIE"]
[SourceTitle "EXT 2021"]
[Source "ChessBase"]
[SourceDate "2020.10.23"]
[SourceVersion "1"]
[SourceVersionDate "2020.10.23"]
[SourceQuality "1"]

1. c4 e6 2. Nc3 f5 3. Nf3 Nf6 4. d4 Bb4 5. Bd2 0-0 6. e3 d6 7. a3 Bxc3 8. Bxc3 Ne4 9. Qc2 Nd7 10. Bd3 Ndf6 11. Nd2 Nxd2 12. Bxd2 b6 13. f3 Bb7 14. 0-0-0 c5 15. Kb1 Rc8 16. Rhe1 g6 17. Bc3 Qe7 18. e4 fxe4 19. fxe4 e5 20. d5 Rf7 21. h3 Nh5 22. Be2 Ng7 23. g4 Rcf8 24. Qd3 Qh4 25. Rg1 Qf2 26. Bd2 Bc8 27. Rh1 h6 28. Rdf1 Qg2 29. Rfg1 Qf2 30. Be3 Qf6 31. h4 Bd7 32. Qd2 b5 33. Rg2 bxc4 34. Bg5 Qf2 35. Rxf2 Rxf2 36. Qe3 Rg2 37. Rg1 Rh2 38. Bxc4 Rff2 39. Qb3 1-0

[Event "VIE-chB"]
[Site "Ba Dinh"]
[Date "2018.11.30"]
[Round "4"]
[White "Pham, Quang Dung"]
[Black "Nguyen, Tri Thien"]
[Result "1/2-1/2"]
[WhiteElo "1544"]
[BlackElo "1809"]
[PlyCount "75"]
[EventDate "2018.11.28"]
[EventType "swiss"]
[EventRounds "9"]
[EventCountry "VIE"]
[SourceTitle "EXT 2021"]
[Source "ChessBase"]
[SourceDate "2020.10.23"]
[SourceVersion "1"]
[SourceVersionDate "2020.10.23"]
[SourceQuality "1"]

1. d4 d5 2. c4 c6 3. Nf3 Nf6 4. g3 g6 5. Bg2 Bg7 6. Nbd2 0-0 7. 0-0 a5 8. b3 Na6 9. Bb2 Bf5 10. Nh4 Be6 11. e4 dxe4 12. Nxe4 Nxe4 13. Bxe4 Bh3 14. Bg2 Bxg2 15. Nxg2 c5 16. Qf3 cxd4 17. Qxb7 Re8 18. Nf4 Qd6 19. Rad1 a4 20. Qd5 Qxd5 21. Nxd5 axb3 22. axb3 e6 23. Bxd4 exd5 24. Bxg7 Kxg7 25. Rxd5 Rab8 26. Ra1 Re6 27. Ra3 h5 28. Kg2 Nb4 29. Rd7 Rf6 30. Raa7 Nc6 31. Rab7 Ra8 32. Rd2 Ne5 33. f4 Ng4 34. h3 Ne3+ 35. Kf3 Nf5 36. g4 Nd6 37. Rd7 Ra6 38. Rd3 1/2-1/2

[Event "VIE-ch U13"]
[Site "Hai Phong"]
[Date "2018.07.09"]
[Round "4"]
[White "Nguyen, Phuc Thanh"]
[Black "Pham, Quang Dung"]
[Result "1-0"]
[WhiteElo "1838"]
[BlackElo "1856"]
[PlyCount "143"]
[EventDate "2018.07.07"]
[EventType "swiss"]
[EventRounds "9"]
[EventCountry "VIE"]
[SourceTitle "EXT 2019"]
[Source "ChessBase"]
[SourceDate "2018.10.10"]
[SourceVersion "1"]
[SourceVersionDate "2018.10.10"]
[SourceQuality "1"]

1. d4 d5 2. c4 Nf6 3. Nc3 c6 4. Nf3 e6 5. c5 Nbd7 6. Bf4 b6 7. b4 Bb7 8. h3 Be7 9. e3 0-0 10. Be2 Ne4 11. Nxe4 dxe4 12. Nd2 f5 13. 0-0 Bf6 14. Nc4 Ba6 15. Nd6 Bxe2 16. Qxe2 b5 17. a4 a6 18. Qa2 Qe7 19. Nxf5 Qe8 20. Nd6 Qe7 21. Nxe4 Rfd8 22. axb5 cxb5 23. Bd6 Qf7 24. Bc7 Rf8 25. c6 Nb8 26. Bxb8 Rfxb8 27. Rac1 Ra7 28. Nc5 Be7 29. Nd3 Bd6 30. Rc2 Qe7 31. Rfc1 Bc7 32. Qb3 Qd6 33. f4 Kf8 34. Nc5 Ke7 35. Nb7 Qd5 36. Qxd5 exd5 37. Ra1 g6 38. Rc5 Bd6 39. Nxd6 Kxd6 40. c7 Rxc7 41. Rxa6+ Kd7 42. Rxd5+ Ke7 43. Rc5 Rd7 44. Kf2 Kf7 45. Rac6 Ra8 46. Rc7 Rxc7 47. Rxc7+ Ke6 48. Rb7 Kd5 49. Rxb5+ Ke4 50. Re5+ Kd3 51. Re7 h5 52. Re6 Ra2+ 53. Kf3 Ra1 54. b5 Rf1+ 55. Kg3 Ke2 56. b6 Rb1 57. Rxg6 Kxe3 58. Re6+ Kxd4 59. Kh4 Kd5 60. Re5+ Kd4 61. Kxh5 Rxb6 62. Re8 Rb3 63. g4 Rxh3+ 64. Kg5 Rh7 65. f5 Ra7 66. f6 Kd5 67. Kg6 Kc4 68. f7 Ra6+ 69. Kg7 Kb3 70. f8Q Kc4 71. Qf1+ Kc5 72. Re5+ 1-0

[Event "VIE Cup"]
[Site "Bac Giang"]
[Date "2018.06.02"]
[Round "5"]
[White "Pham, Quang Dung"]
[Black "Tran, Duc Tu"]
[Result "0-1"]
[WhiteElo "1544"]
[BlackElo "1905"]
[PlyCount "142"]
[EventDate "2018.05.30"]
[EventType "swiss"]
[EventRounds "9"]
[EventCountry "VIE"]
[SourceTitle "CBM 184 Extra"]
[Source "ChessBase"]
[SourceDate "2018.06.28"]
[SourceVersion "1"]
[SourceVersionDate "2018.06.28"]
[SourceQuality "1"]

1. d4 Nf6 2. c4 g6 3. Nc3 d5 4. Bg5 Ne4 5. Bf4 Nxc3 6. bxc3 dxc4 7. a4 c5 8. e3 Bg7 9. Bxc4 0-0 10. Nf3 Nc6 11. 0-0 Qa5 12. Qb3 cxd4 13. cxd4 Qb4 14. Qa2 Na5 15. Bd5 Nc6 16. Rfc1 Qb6 17. a5 Qd8 18. Rab1 Qxa5 19. Qc4 Qd8 20. Bxc6 bxc6 21. Qxc6 Be6 22. Qa6 Bd5 23. Nd2 e5 24. dxe5 Bxg2 25. Qd6 Bd5 26. Rb5 Be6 27. Ne4 Qh4 28. f3 Rfd8 29. Qa3 h6 30. Qb2 Qh3 31. Bg3 Qf5 32. Qe2 Bd5 33. Nd2 Qd7 34. Rbc5 Be6 35. Ne4 Qd3 36. Kf2 Qxe2+ 37. Kxe2 a5 38. Be1 a4 39. Bc3 a3 40. Ba1 a2 41. f4 Bg4+ 42. Kf2 Be6 43. h4 h5 44. Nd6 Bf8 45. Rg1 Bg4 46. Rd5 Ra6 47. Rc1 Be7 48. Kg3 Rb6 49. Rb5 Rxb5 50. Nxb5 Rd3 51. Bd4 Rb3 52. Nc3 Ba3 53. Nxa2 Bxc1 54. Nxc1 Ra3 55. Kf2 Bf5 56. Ke2 Be4 57. Kd2 Ra6 58. Nb3 Ra2+ 59. Kc3 Rh2 60. Nc5 Bc6 61. e6 fxe6 62. Nxe6 Rxh4 63. Bf6 Rh1 64. Kd4 Rd1+ 65. Kc5 Kf7 66. Nd8+ Kxf6 67. Nxc6 h4 68. e4 h3 69. Ne5 Rd2 70. Kc4 Rg2 71. Nf3 h2 0-1

[Event "VIE-ch U09"]
[Site "Ho Chi Minh City"]
[Date "2014.07.17"]
[Round "7"]
[White "Pham, Quang Dung"]
[Black "Pham, Huynh Tu"]
[Result "1-0"]
[WhiteElo "1519"]
[BlackElo "1451"]
[PlyCount "139"]
[EventDate "2014.07.13"]
[EventType "swiss"]
[EventRounds "9"]
[EventCountry "VIE"]
[SourceTitle "EXT 2016"]
[Source "ChessBase"]
[SourceDate "2015.10.08"]
[SourceVersion "1"]
[SourceVersionDate "2015.10.08"]
[SourceQuality "1"]

1. e4 e5 2. Nf3 d6 3. Bc4 Be6 4. Bxe6 fxe6 5. 0-0 Nf6 6. d3 Be7 7. Nc3 0-0 8. Bd2 Nc6 9. Ng5 Qd7 10. Nb5 Nd8 11. Nc3 h6 12. Nf3 Nc6 13. h3 d5 14. exd5 exd5 15. Re1 Bd6 16. Nh4 Qf7 17. Nf3 Nd7 18. Nb5 a6 19. Nxd6 cxd6 20. c3 Nc5 21. Be3 d4 22. cxd4 exd4 23. Nxd4 Ne5 24. Re2 Ncxd3 25. Rd2 Nc5 26. b3 Ne4 27. Rc2 b5 28. Rac1 Nc5 29. b4 Ncd3 30. Rb1 Rac8 31. Rxc8 Rxc8 32. Rb3 Nf4 33. Bxf4 Qxf4 34. Ne2 Qf6 35. Qd5+ Kh8 36. Ra3 Rc6 37. Re3 Kh7 38. Qe4+ Kh8 39. a3 Kg8 40. Nc3 Kh8 41. f4 Rc4 42. Qa8+ Kh7 43. fxe5 dxe5 44. Rf3 Qb6+ 45. Kh2 Qd6 46. Qd5 Qc7 47. Ne4 Rd4 48. Qa8 Qc2 49. Qe8 Qxe4 50. Rf8 Qf4+ 51. Rxf4 Rxf4 52. Qxe5 Rf6 53. Kg3 Kg8 54. Kh4 Kh7 55. Kh5 Kg8 56. g3 Kf7 57. g4 Kg8 58. Qxf6 gxf6 59. Kxh6 Kf7 60. g5 fxg5 61. Kxg5 Kg7 62. h4 Kf7 63. h5 Kg7 64. h6+ Kh7 65. Kh5 Kg8 66. Kg6 Kh8 67. h7 a5 68. bxa5 b4 69. a6 bxa3 70. a7 1-0

[Event "VIE-ch U09"]
[Site "Ho Chi Minh City"]
[Date "2014.07.15"]
[Round "4"]
[White "Cao, Minh Triet"]
[Black "Pham, Quang Dung"]
[Result "0-1"]
[WhiteElo "1454"]
[BlackElo "1519"]
[PlyCount "65"]
[EventDate "2014.07.13"]
[EventType "swiss"]
[EventRounds "9"]
[EventCountry "VIE"]
[SourceTitle "EXT 2016"]
[Source "ChessBase"]
[SourceDate "2015.10.08"]
[SourceVersion "1"]
[SourceVersionDate "2015.10.08"]
[SourceQuality "1"]

1. e4 e5 2. Bc4 Nc6 3. Nf3 Bc5 4. d3 Nf6 5. 0-0 0-0 6. a3 d6 7. Nc3 Bg4 8. h3 Bh5 9. Be3 Nd4 10. g4 Nxf3+ 11. Qxf3 Bxe3 12. fxe3 Bg6 13. Rad1 Qd7 14. Qg2 Qc6 15. Bb5 Qb6 16. d4 exd4 17. exd4 a6 18. Bc4 Qxb2 19. Nd5 Nxd5 20. Bxd5 c6 21. Bb3 Qxa3 22. Rb1 Qa5 23. d5 Qc3 24. Rfe1 Qd4+ 25. Kh1 Rfe8 26. Qe2 Bxe4+ 27. Kh2 h6 28. Red1 Qe5+ 29. Kg1 Qg3+ 30. Kf1 Qxh3+ 31. Kg1 Bxd5 32. Qd2 Qh1+ 33. Kf2 0-1